| 000 | 00453nam a22001697a 4500 | ||
|---|---|---|---|
| 005 | 20230118110323.0 | ||
| 008 | 190528b xxu||||| |||| 00| 0 eng d | ||
| 020 | _a978-93-81595-31-2 | ||
| 041 | _aeng | ||
| 100 |
_aJAIN , ANUREKHA _94993 |
||
| 245 | _aPRACTICAL IN MODERN PHARMACEUTICAL INSTRUMENTAL ANALYSIS | ||
| 250 | _a2nd, Ed. 2015 | ||
| 260 |
_aPUNE _bNIRALI PRAKASHAN |
||
| 300 | _a9.12p, | ||
| 650 |
_aPHARMACY _xD.PHARMA _97090 |
||
| 942 | _cBK | ||
| 999 |
_c5886 _d5884 |
||